000 04111njm a2200553Ia 4500
001 25691
003 IT-RoPAU
005 20220918181119.0
008 131025s9999 xx 000 0 und d
040 _aIT-RoPAU
040 _cIT-RoPAU
999 _c99680
_d99680
999 _bn.d.
100 _aAA.VV.
_9794
100 _eAutore musica
_913721
100 _gCodice autore musica SPICS: 12000
_9796
245 _aMaestri della batteria (I)
250 _a2a ed.
260 _aMILANO
260 _bMUSICA JAZZ
_c1983 [1a Ed.:]
300 _aDISCO
300 _c48 minuti (Testo: pag.)
500 _aBatteria strumento emblematico della musica jazz. Disco fuori commercio allegato al n. 7 '83 di "Musica jazz"
505 _aDrums Improvisation n. 2 [(New York, 6 gennaio 1946) (Dodds Baby) (3:00)] - Twilight in Turkey [(New York, 15 aprile 1937) (Dorsey Tommy) (4:00)] - I Know That You Know [(New York, 18 marzo 1938) (Jones Jo) (4:00)] - Sing Sing Sing [(Hollywood, 6 luglio 1937) (Goodman Benny) (9:00)] - At Sundown (New York, 13 aprile 1938) (Freeman Bud) (3:00)] - Boff Boff [(Symphony Hall, Boston, 30 novembre 1947) (Armstrong Louis D.) (5:00)] - Caravan [(23 ottobre 1962) (Blakey Art) (4:00)] - Conversation [(4 settembre 1958) (Roach Max) (4:00)] - Six and Four [(11 luglio 1961) (Jones Elvin) (6:00)] - Gone, Gone, Gone [(18 novembre 1959) (Jones Philly Joe) (5:00)]
511 _aBaby Dodds: batt.
511 _aErwin Pee Wee: tr; Dorsey Tommy: trne; Mince Johnny: cl; Freeman Bud: ten; Smith Howard: p; Mastren Carmen: chit; Traxier Gene: cb; Tough Dave: batt; Tommy Dorsey Clambake Seven con Dave Tough
511 _aClayton Buck: tr; Durham Eddie: trne, chit; Greene Freddie: chit; Page Walter: cb; Jones Jo: batt; Kansas City Five con Jo Jones
511 _aJames Harry: tr; Griffin Gordon: tr; Elman Ziggy: tr; McEachern Murray: trni; Ballard Sterling: trni; Goodman Benny: cl; Schertzer Herman: sax; Rollini Arthur: sax; Koenig George: sax; Musso Vido: sax; Stacy Jess: p; Goodman Benny: cb; Krupa Gene: batt; Benny Goodman Orchestra con Gene Krupa
511 _aFreeman Bud: ten; Stacy Jess: p; Wettling George: batt; Bud Freeman Trio con George Wettling
511 _aArmstrong Louis: tr; Teagarden Jack: trne; Bigard Barney: cl; Cary Dick: p; Shaw Arvell: cb; Catlett Sidney: batt; Louis Armstrong All Stars con Sidney Catlett
511 _aBlakey Art: batt; Hubbard Freddie: tr; Fuller Curtis: trne; Shorter Wayne: ten; Walton Cedar: p; Workman Reggie: cb; Art Blakey's Jazz Messangers
511 _aRoach Max: batt
511 _aJones Elvin: batt; Jones Hank: p; Davis Art: cb
511 _aJones Philly Joe: batt; Priester Julian: trne; Barron Bill: ten; Adams Pepper: bar; Coker Dolo: p; Garison Jimmy: cb
650 _aJAZZ [DISCHI]
_eCodice MATERIA SPICS: 9950
_913722
700 _aDodds Baby
_dCodice autore musica SPICS: 16258
_eAutore musica
_pDrums Improvisation n. 2
_913723
700 _aScott B.
_dCodice autore musica SPICS: 15525
_eAutore musica
_pTwilight in Turkey
_913724
700 _aYoumans Vincent
_dCodice autore musica SPICS: 16157
_eAutore musica
_pI Know That You Know
_913725
700 _aPrima Louis
_dCodice autore musica SPICS: 27874
_eAutore musica
_pSing Sing Sing
_913726
700 _aDonaldson
_dCodice autore musica SPICS: 14426
_eAutore musica
_pAt Sundown
_913727
700 _aHawkins Coleman
_dCodice autore musica SPICS: 16098
_eAutore musica
_pBoff Boff
_913728
700 _aEllington Duke
_dCodice autore musica SPICS: 13023
_eAutore musica
_913729
700 _aMills Irving
_dCodice autore SPICS: 13027
_eAutore
_pCaravan
_913730
700 _aTizol Juan
_dCodice autore testo/musica SPICS: 20356
_eAutore testo/musica
_pCaravan
_913731
700 _aRoach Max
_dCodice autore musica SPICS: 16225
_eAutore musica
_pConversation
_913732
700 _aNelson Oliver
_dCodice autore musica SPICS: 16375
_eAutore musica
_pSix and Four
_913733
700 _aGershwin Ira
_dCodice autore musica SPICS: 10501
_eAutore musica
_pGone, Gone, Gone
_913734
700 _aGershwin George
_dCodice autore SPICS: 10668
_eAutore
_pGone, Gone, Gone
_913735
942 _cMD
_2ddc